Essentials of management: An international, innovation, and leadership perspective (Record no. 396978)

MARC details
000 -LEADER
fixed length control field 00603 a2200217 4500
005 - DATE & TIME
control field 20260417154559.0
008 - FIXED-LENGTH DATA ELEMENTS--GENERAL INFORMATION
fixed length control field 260417b |||||||| |||| 00| 0 eng d
020 ## - ISBN
International Standard Book Number 9789353168148
Price Rs. 1030.00
040 ## - CATALOGING SOURCE
Original cataloging agency VIVEKANANDA LIBRARY
082 ## - DDC NUMBER
Classification number 658.4
Book Number K837E(11)
100 ## - MAIN ENTRY--PERSONAL NAME
Personal name Koontz, Harold
245 ## - TITLE STATEMENT
Title Essentials of management: An international, innovation, and leadership perspective
250 ## - EDITION STATEMENT
Edition statement 11th
260 ## - PUBLICATION, DISTRIBUTION, ETC. (IMPRINT)
Name of publisher, distributor, etc McGraw Hill Education
Place of publication, distribution, etc Chennai
Date of publication, distribution, etc 2025
300 ## - PHYSICAL DESCRIPTION
Pages xli, 590
650 ## - Subject
Subject Management
650 ## - Subject
Subject Leadership
700 ## - Added Entry Personal Name
Added Entry Personal Name Weihrich, Heinz
700 ## - Added Entry Personal Name
Added Entry Personal Name Cannice, Mark V
942 ## - ADDED ENTRY ELEMENTS (KOHA)
Koha item type Books
Holdings
Withdrawn status Lost status Source of classification or shelving scheme Damaged status Not for loan Location (home branch) Sublocation or collection (holding branch) Shelving location Date acquired Koha issues (times borrowed) Koha full call number Accession No. Koha date last seen Koha item type
    Dewey Decimal Classification     VIVEKANANDA LIBRARY VIVEKANANDA LIBRARY IMSAR Library 30/03/2026   658.4 K837E(11) 420980 30/03/2026 Books
    Dewey Decimal Classification     VIVEKANANDA LIBRARY VIVEKANANDA LIBRARY IMSAR Library 30/03/2026   658.4 K837E(11) 420981 30/03/2026 Books
    Dewey Decimal Classification     VIVEKANANDA LIBRARY VIVEKANANDA LIBRARY IMSAR Library 30/03/2026   658.4 K837E(11) 420979 30/03/2026 Books
    Dewey Decimal Classification     VIVEKANANDA LIBRARY VIVEKANANDA LIBRARY IMSAR Library 30/03/2026   658.4 K837E(11) 420982 30/03/2026 Books
© Designed and Maintained by Vivekananda Library, MDU Rohtak